Sismología histórica de América Central /

Đã lưu trong:
Chi tiết về thư mục
Tác giả chính: Peraldo Huertas, Giovanni
Tác giả của công ty: Instituto Panamericano de Geografía e Historia
Tác giả khác: Montero Pohly, Walter
Định dạng: Texto
Được phát hành: México, D.F.: IPGH
Các nhãn: Thêm thẻ
Không có thẻ, Là người đầu tiên thẻ bản ghi này!

MARC

LEADER 00000 a a2200000 04500
001 11929
003
040
090 |a 141200  
100 |a Peraldo Huertas, Giovanni  
110 |a Instituto Panamericano de Geografía e Historia  
245 |a Sismología histórica de América Central /  |c Giovanni Peraldo Huertas 
260 |a México, D.F.:   |b IPGH  
300 |a 347 p.  
300 |b **no definido**   |b fonodiscos  
700 |a Montero Pohly, Walter  
999 |c 13816  |d 13816